| 000 | 00445nam a2200169Ia 4500 | ||
|---|---|---|---|
| 008 | 230524s9999 xx 000 0 und d | ||
| 082 |
_a610.28 _bEND |
||
| 100 | _aJohn Enderle | ||
| 245 | 0 | _aIntroduction to Biomedical Engineering | |
| 250 | _a2ND | ||
| 260 |
_aNEW DELHI _bElsevier _c2003 |
||
| 300 | _aXII;1085 | ||
| 500 | _aQuantity Number: 2 | ||
| 650 | _aBiomedical | ||
| 700 | _a" Susan Blanchard , Joseph Bronzino,,," | ||
| 942 | _cBK | ||
| 999 |
_c35023 _d35023 |
||